01323nam a2200133 4500008001000000082001600010100003200026110003200058245002300090260006100113300003400174505083600208650014501044708 F444f a708bF4444f aVelázquez Torres, Mireida aVelásquez García, Erick aFicción y tiempo aMéxicobCentro Cultural Universitario Tlatelolcoc2019 a142 p.bil. (col)c23 x 16 cm tPresentación rMireida Velásquez, Erick Velásquez García tPlay - Pause - Rewind - Record - Forward - Play Again. De discurrir el espacio en clave electrónica (pero en off)rJulio García MurillotMemoria reconstruida / Futuro incierto. La ficción y su potencial crítico rJosefa OrtegatEntre anhelos nostálgicos e indicios del presente rAndrea Villers, Catalina Pérez, Getsemaní Guevara, Jaime González y Luis Daniel PéreztMensaje a la sociedad mexicanarOperación HormigatBuscar las respuestas que la realidad no darDiálogo con Verónica Berger Bicecci y Néstor García CanclinitEl pasado nunca se muere, ni siquiera es pasadorLagartijas tiradas al soltsàrta aicah raminaC. Práctica del pensamiento físico rColectivo AMtRegistro de la exhibición tLista de obratAgradecimientos xarte contemporáneoxarte - exhibicionesxarte - tiempo - exhibicionesxmemoria en el artexteoría de las ficcionesxutopías en el arte